000 00761cab a2200253 4500
001 WB2930-61
008 090401t1993 xxu||||| |||| 00| 0 eng d
035 _a(Sirsi) u91206
041 _aeng
245 _aDeaf ear to surveyors` pleas
260 _c1993
350 _a0
490 _aBuilding
_v258(33/34) 13 August 1993, 9(1)
520 _aDespite meetings between DoE and the surveying profession, it is unlikely that Government will intervene against architects using EC laws to prevent surveyors carrying out design work.
650 _aARCHITECTS
650 _aARCUK
650 _aREGISTRATION
650 _aRIBA
650 _aRICS
690 _aBUILT ENVIRONMENT
690 _aPROFESSIONAL PRACTICE
942 _n0
948 _c04/03/1997
999 _c57879
_d57879